[Event "Tenerife-chT Preferente"]
[Site "Tenerife"]
[Date "2023.05.13"]
[Round "13"]
[White "Colichon Rebryck, Carlos Alexei"]
[Black "Mendivil Anton, Daniel"]
[Result "0-1"]
[WhiteElo "2015"]
[BlackElo "2177"]
[PlyCount "66"]
[EventDate "2023.01.14"]
[EventType "team-tourn"]
[EventRounds "14"]
[EventCountry "ESP"]
[SourceTitle "EXT 2024"]
[Source "ChessBase"]
[SourceDate "2023.10.10"]
[SourceVersion "1"]
[SourceVersionDate "2023.10.10"]
[SourceQuality "1"]
[WhiteTeam "Puerto de la Cruz Piratas"]
[BlackTeam "Al Shah Mat Los Realejos"]
[WhiteTeamCountry "ESP"]
[BlackTeamCountry "ESP"]

1. e4 e6 2. d4 d5 3. Nd2 Nf6 4. e5 Nfd7 5. c3 c5 6. f4 Nc6 7. Ndf3 cxd4 8. cxd4 a5 9. Bd3 Nb6 10. Ne2 a4 11. 0-0 Be7 12. Nc3 Bd7 13. Rb1 Nb4 14. Be2 g6 15. a3 Nc6 16. Bb5 Ra5 17. Qe2 Ra8 18. Be3 Na5 19. Bd3 Nbc4 20. Bf2 b5 21. g4 h5 22. h3 Qb6 23. Kg2 Rd8 24. f5 hxg4 25. hxg4 gxf5 26. gxf5 exf5 27. Rg1 f4 28. Rh1 Rg8+ 29. Kf1 Qb7 30. Bh7 Rh8 31. Qd3 Qc8 32. Rc1 Nxb2 33. Qd2 Nb3 0-1

[Event "Tenerife-chT Preferente"]
[Site "Tenerife"]
[Date "2023.04.29"]
[Round "12"]
[White "Meneses Gonzalez, Kevin Moises"]
[Black "Colichon Rebryck, Carlos Alexei"]
[Result "1-0"]
[WhiteElo "2263"]
[BlackElo "2015"]
[PlyCount "73"]
[EventDate "2023.01.14"]
[EventType "team-tourn"]
[EventRounds "14"]
[EventCountry "ESP"]
[SourceTitle "EXT 2024"]
[Source "ChessBase"]
[SourceDate "2023.10.10"]
[SourceVersion "1"]
[SourceVersionDate "2023.10.10"]
[SourceQuality "1"]
[WhiteTeam "Ebano Barrio Nuevo"]
[BlackTeam "Puerto de la Cruz Piratas"]
[WhiteTeamCountry "ESP"]
[BlackTeamCountry "ESP"]

1. Nf3 Nf6 2. c4 g6 3. g3 Bg7 4. Bg2 0-0 5. 0-0 d5 6. cxd5 Nxd5 7. Nc3 e5 8. d3 h6 9. Nxd5 Qxd5 10. Be3 c6 11. Qa4 Nd7 12. Qh4 h5 13. Rfc1 Re8 14. Ng5 Qd6 15. Ne4 Qe7 16. Bg5 f6 17. Be3 f5 18. Bg5 Qf8 19. Nc3 Nc5 20. b4 Ne6 21. b5 Bd7 22. bxc6 bxc6 23. Qc4 Kh8 24. Bd2 Rab8 25. Rab1 Qd6 26. Qa6 e4 27. Rxb8 Rxb8 28. Qxa7 exd3 29. exd3 Bd4 30. Qa5 Rb2 31. Ne2 Bg7 32. Nf4 Nxf4 33. Bxf4 Qxd3 34. Be5 Qd2 35. Qd8+ Kh7 36. Bxb2 Qxb2 37. Re1 1-0

[Event "Tenerife-chT Preferente"]
[Site "Tenerife"]
[Date "2023.02.11"]
[Round "5.1"]
[White "Colichon Rebryck, Carlos Alexei"]
[Black "Amador Garcia, Ismael"]
[Result "0-1"]
[WhiteElo "2015"]
[BlackElo "2232"]
[PlyCount "68"]
[EventDate "2023.01.14"]
[EventType "team-tourn"]
[EventRounds "14"]
[EventCountry "ESP"]
[SourceTitle "EXT 2024"]
[Source "ChessBase"]
[SourceDate "2023.10.10"]
[SourceVersion "1"]
[SourceVersionDate "2023.10.10"]
[SourceQuality "1"]
[WhiteTeam "Puerto de la Cruz Piratas"]
[BlackTeam "Ebano Barrio Nuevo"]
[WhiteTeamCountry "ESP"]
[BlackTeamCountry "ESP"]

1. e4 c5 2. Nc3 d6 3. d4 cxd4 4. Qxd4 Nc6 5. Qd2 g6 6. b3 Bh6 7. f4 Nf6 8. Bb2 e5 9. g3 0-0 10. 0-0-0 Re8 11. Bg2 Bg4 12. Rf1 Nd4 13. h3 Bd7 14. Kb1 Bc6 15. g4 Bg7 16. Qf2 Qc7 17. f5 Rac8 18. g5 Nh5 19. f6 Bf8 20. Bf3 Nxf3 21. Qxf3 d5 22. exd5 Bd7 23. Nge2 e4 24. Qf2 b5 25. Nd4 Bc5 26. Rd1 Ng3 27. Rhe1 e3 28. Qh2 b4 29. Nce2 Bb6 30. Qg2 Ne4 31. h4 a5 32. h5 gxh5 33. Nc6 Nd2+ 34. Ka1 a4 0-1

[Event "Tenerife-chT Preferente"]
[Site "Tenerife"]
[Date "2023.02.04"]
[Round "4.1"]
[White "Berjon Garcia, Sergio"]
[Black "Colichon Rebryck, Carlos Alexei"]
[Result "1-0"]
[WhiteElo "2091"]
[BlackElo "2015"]
[PlyCount "21"]
[EventDate "2023.01.14"]
[EventType "team-tourn"]
[EventRounds "14"]
[EventCountry "ESP"]
[SourceTitle "EXT 2024"]
[Source "ChessBase"]
[SourceDate "2023.10.10"]
[SourceVersion "1"]
[SourceVersionDate "2023.10.10"]
[SourceQuality "1"]
[WhiteTeam "Rey Ahogado"]
[BlackTeam "Puerto de la Cruz Piratas"]
[WhiteTeamCountry "ESP"]
[BlackTeamCountry "ESP"]

1. e4 c5 2. c3 g6 3. d4 cxd4 4. cxd4 d5 5. e5 Bg7 6. Nc3 Nh6 7. Qb3 Nc6 8. Bxh6 Bxh6 9. Qxd5 Nxd4 10. Qxd8+ Kxd8 11. Rd1 1-0

[Event "Tenerife-chT Preferente"]
[Site "Tenerife"]
[Date "2023.01.28"]
[Round "3.1"]
[White "Colichon Rebryck, Carlos Alexei"]
[Black "Lopez Izquierdo, Antonio"]
[Result "1-0"]
[WhiteElo "2015"]
[BlackElo "2258"]
[PlyCount "61"]
[EventDate "2023.01.14"]
[EventType "team-tourn"]
[EventRounds "14"]
[EventCountry "ESP"]
[SourceTitle "EXT 2024"]
[Source "ChessBase"]
[SourceDate "2023.10.10"]
[SourceVersion "1"]
[SourceVersionDate "2023.10.10"]
[SourceQuality "1"]
[WhiteTeam "Puerto de la Cruz Piratas"]
[BlackTeam "Circulo de Amistad XII Enero"]
[WhiteTeamCountry "ESP"]
[BlackTeamCountry "ESP"]

1. e4 c5 2. Nc3 Nc6 3. Bb5 g6 4. Bxc6 bxc6 5. d3 Bg7 6. f4 d5 7. Nf3 Nf6 8. 0-0 0-0 9. Qe1 dxe4 10. dxe4 Ba6 11. Rf2 Qb6 12. Ne5 Rfd8 13. Na4 Qb5 14. b3 Qb4 15. Bd2 Qxe4 16. Nxc5 Qxe1+ 17. Rxe1 Bc8 18. Nxc6 Re8 19. Nxe7+ Kh8 20. Bc3 Bf5 21. h3 h5 22. Rfe2 Kh7 23. Nxf5 Rxe2 24. Rxe2 gxf5 25. Bxf6 Bxf6 26. Rd2 Rc8 27. Nd7 Bh4 28. Kh2 Rc3 29. Re2 Bg3+ 30. Kh1 Bxf4 31. Nf6+ 1-0

[Event "Tenerife-chT Preferente"]
[Site "Tenerife"]
[Date "2022.05.28"]
[Round "14.1"]
[White "Perera Gonzalez, Pablo"]
[Black "Colichon Rebryck, Carlos Alexei"]
[Result "0-1"]
[WhiteElo "2210"]
[BlackElo "1975"]
[PlyCount "89"]
[EventDate "2022.01.29"]
[EventType "team-tourn"]
[EventRounds "14"]
[EventCountry "ESP"]
[SourceTitle "EXT 2024"]
[Source "ChessBase"]
[SourceDate "2023.10.10"]
[SourceVersion "1"]
[SourceVersionDate "2023.10.10"]
[SourceQuality "1"]
[WhiteTeam "Circulo de Amistad XII Enero"]
[BlackTeam "Piratas La Orotava"]
[WhiteTeamCountry "ESP"]
[BlackTeamCountry "ESP"]

1. d4 d5 2. c4 dxc4 3. Nf3 a6 4. e3 b5 5. a4 Bb7 6. b3 b4 7. Bxc4 Nf6 8. Nbd2 e6 9. Bb2 Be7 10. 0-0 c5 11. dxc5 Nbd7 12. c6 Bxc6 13. Nd4 Bb7 14. Be2 0-0 15. Bf3 Nd5 16. Nc4 Nc5 17. Qe2 Bf6 18. Rfd1 Bxd4 19. Bxd4 Nxb3 20. Bxg7 Kxg7 21. Qb2+ Qf6 22. Qxb3 Rab8 23. Nd6 Ba8 24. Ne4 Qg6 25. Qb2+ Nf6 26. Rd4 e5 27. Rc4 Bxe4 28. Bxe4 Nxe4 29. Qxe5+ Nf6 30. h3 Rfe8 31. Qb2 Re4 32. Rc6 Re6 33. Rac1 Rb6 34. R6c4 Re4 35. a5 Rb5 36. Rxe4 Qxe4 37. Rd1 b3 38. Rd4 Qe5 39. g4 h6 40. Kg2 Rd5 41. f4 Qxe3 42. Rxd5 Qe4+ 43. Kg3 Qxd5 44. h4 Qd3+ 45. Kh2 0-1

[Event "Tenerife-chT Preferente"]
[Site "Tenerife"]
[Date "2022.03.26"]
[Round "7.1"]
[White "Colichon Rebryck, Carlos Alexei"]
[Black "Perera Gonzalez, Pablo"]
[Result "1-0"]
[WhiteElo "1975"]
[BlackElo "2210"]
[PlyCount "47"]
[EventDate "2022.01.29"]
[EventType "team-tourn"]
[EventRounds "14"]
[EventCountry "ESP"]
[SourceTitle "EXT 2024"]
[Source "ChessBase"]
[SourceDate "2023.10.10"]
[SourceVersion "1"]
[SourceVersionDate "2023.10.10"]
[SourceQuality "1"]
[WhiteTeam "Piratas La Orotava"]
[BlackTeam "Circulo de Amistad XII Enero"]
[WhiteTeamCountry "ESP"]
[BlackTeamCountry "ESP"]

1. e4 c5 2. Nc3 Nc6 3. Nf3 e5 4. Bc4 d6 5. d3 Be7 6. Be3 Nf6 7. h3 0-0 8. 0-0 Be6 9. Re1 d5 10. exd5 Nxd5 11. Nxd5 Bxd5 12. Qe2 Bxc4 13. dxc4 Qc7 14. Rad1 f6 15. c3 e4 16. Nh4 f5 17. Qh5 g6 18. Nxg6 hxg6 19. Qxg6+ Kh8 20. Qh6+ Kg8 21. Bf4 Qc8 22. Qg6+ Kh8 23. Re3 Bf6 24. Rg3 1-0

[Event "Tenerife-chT Preferente"]
[Site "Tenerife"]
[Date "2022.03.12"]
[Round "6.1"]
[White "Meneses Gonzalez, Kevin Moises"]
[Black "Colichon Rebryck, Carlos Alexei"]
[Result "1-0"]
[WhiteElo "2223"]
[BlackElo "1975"]
[PlyCount "63"]
[EventDate "2022.01.29"]
[EventType "team-tourn"]
[EventRounds "14"]
[EventCountry "ESP"]
[SourceTitle "EXT 2024"]
[Source "ChessBase"]
[SourceDate "2023.10.10"]
[SourceVersion "1"]
[SourceVersionDate "2023.10.10"]
[SourceQuality "1"]
[WhiteTeam "Ebano Barrio Nuevo"]
[BlackTeam "Piratas La Orotava"]
[WhiteTeamCountry "ESP"]
[BlackTeamCountry "ESP"]

1. e4 c5 2. Nf3 e6 3. d4 cxd4 4. Nxd4 Nf6 5. Nc3 d6 6. g4 Nc6 7. g5 Nd7 8. Be3 Be7 9. h4 a6 10. Qe2 Qc7 11. 0-0-0 b5 12. a3 Bb7 13. f4 0-0-0 14. Bh3 Na5 15. Bxe6 fxe6 16. Nxe6 Qc4 17. Nxd8 Bxd8 18. Qxc4+ Nxc4 19. Bd4 Bb6 20. Bxb6 Ndxb6 21. b3 Nxa3 22. Rxd6 Kc7 23. Rhd1 b4 24. Na4 Nxa4 25. bxa4 Bxe4 26. Rxa6 Bxc2 27. Rdd6 b3 28. Rac6+ Kb7 29. Kb2 Nb1 30. a5 Ra8 31. a6+ Ka7 32. Rc7+ 1-0

[Event "Tenerife-chT Preferente"]
[Site "Tenerife"]
[Date "2022.02.19"]
[Round "4.1"]
[White "Gonzalez Garcia, Zoilo"]
[Black "Colichon Rebryck, Carlos Alexei"]
[Result "1/2-1/2"]
[WhiteElo "2091"]
[BlackElo "1975"]
[PlyCount "33"]
[EventDate "2022.01.29"]
[EventType "team-tourn"]
[EventRounds "14"]
[EventCountry "ESP"]
[SourceTitle "EXT 2024"]
[Source "ChessBase"]
[SourceDate "2023.10.10"]
[SourceVersion "1"]
[SourceVersionDate "2023.10.10"]
[SourceQuality "1"]
[WhiteTeam "El Sauzal"]
[BlackTeam "Piratas La Orotava"]
[WhiteTeamCountry "ESP"]
[BlackTeamCountry "ESP"]

1. e4 c5 2. Nf3 e6 3. b3 d5 4. exd5 exd5 5. Bb5+ Nc6 6. 0-0 Bd6 7. Re1+ Nge7 8. Bb2 0-0 9. d4 Bg4 10. Be2 Re8 11. Nbd2 Qb6 12. c4 Bxf3 13. Bxf3 Nxd4 14. Bxd4 cxd4 15. cxd5 Bb4 16. Nc4 Qc5 17. Re5 1/2-1/2

[Event "Tenerife-chT Preferente"]
[Site "Tenerife"]
[Date "2021.09.25"]
[Round "12.1"]
[White "Colichon Rebryck, Carlos Alexei"]
[Black "Martin Luis, Cesar"]
[Result "1/2-1/2"]
[WhiteElo "1964"]
[BlackElo "2106"]
[PlyCount "61"]
[EventDate "2021.02.27"]
[EventType "team-tourn"]
[EventRounds "14"]
[EventCountry "ESP"]
[SourceTitle "EXT 2023"]
[Source "ChessBase"]
[SourceDate "2022.10.05"]
[SourceVersion "1"]
[SourceVersionDate "2022.10.05"]
[SourceQuality "1"]
[WhiteTeam "Piratas La Orotava"]
[BlackTeam "Rey Ahogado"]
[WhiteTeamCountry "ESP"]
[BlackTeamCountry "ESP"]

1. e4 e6 2. d4 d5 3. Nd2 c5 4. Ngf3 cxd4 5. exd5 Qxd5 6. Bc4 Qd7 7. 0-0 Nf6 8. Nb3 Nc6 9. Nbxd4 Nxd4 10. Nxd4 a6 11. Re1 b5 12. Bb3 Bc5 13. c3 Bxd4 14. cxd4 Bb7 15. Bg5 Ne4 16. Bh4 Bd5 17. Bc2 f5 18. f3 Nd6 19. Bg3 0-0 20. Bb3 Nc4 21. Bxc4 bxc4 22. Be5 Qb7 23. Qd2 Rac8 24. Rac1 Rc6 25. Rc2 Rfc8 26. Rec1 h6 27. Rc3 Rf8 28. R1c2 Rf7 29. Qe3 Rb6 30. Qd2 Rc6 31. Rc1 1/2-1/2

[Event "Tenerife-chT Preferente"]
[Site "Tenerife"]
[Date "2021.09.18"]
[Round "11.1"]
[White "Perez Gutierrez, Nauzet"]
[Black "Colichon Rebryck, Carlos Alexei"]
[Result "1/2-1/2"]
[WhiteElo "2064"]
[BlackElo "1964"]
[PlyCount "53"]
[EventDate "2021.02.27"]
[EventType "team-tourn"]
[EventRounds "14"]
[EventCountry "ESP"]
[SourceTitle "EXT 2023"]
[Source "ChessBase"]
[SourceDate "2022.10.05"]
[SourceVersion "1"]
[SourceVersionDate "2022.10.05"]
[SourceQuality "1"]
[WhiteTeam "El Sauzal Libreria Barco"]
[BlackTeam "Piratas La Orotava"]
[WhiteTeamCountry "ESP"]
[BlackTeamCountry "ESP"]

1. c4 Nf6 2. Nc3 g6 3. g3 Bg7 4. Bg2 c5 5. e3 e5 6. Nge2 0-0 7. 0-0 Nc6 8. b3 d6 9. d4 cxd4 10. exd4 exd4 11. Nxd4 Nxd4 12. Qxd4 Ne4 13. Qxe4 Bxc3 14. Rb1 Bf5 15. Qe3 Qf6 16. Ba3 Bd4 17. Qf4 Be5 18. Qf3 Bxb1 19. Qxf6 Bxf6 20. Rxb1 Rfd8 21. Bxb7 Rab8 22. Bd5 Rb6 23. Bb2 Bxb2 24. Rxb2 a5 25. Rc2 Rc8 26. Re2 Kf8 27. Rd2 1/2-1/2

[Event "Tenerife-chT Preferente"]
[Site "Tenerife"]
[Date "2021.02.27"]
[Round "1.1"]
[White "Perez Perez, Gabriel"]
[Black "Colichon Rebryck, Carlos Alexei"]
[Result "1-0"]
[WhiteElo "2151"]
[BlackElo "1964"]
[PlyCount "83"]
[EventDate "2021.02.27"]
[EventType "team-tourn"]
[EventRounds "14"]
[EventCountry "ESP"]
[SourceTitle "EXT 2023"]
[Source "ChessBase"]
[SourceDate "2022.10.05"]
[SourceVersion "1"]
[SourceVersionDate "2022.10.05"]
[SourceQuality "1"]
[WhiteTeam "Ebano Barrio Nuevo"]
[BlackTeam "Piratas La Orotava"]
[WhiteTeamCountry "ESP"]
[BlackTeamCountry "ESP"]

1. e4 c5 2. b3 e6 3. Bb2 Nf6 4. e5 Nd5 5. Nf3 Be7 6. Nc3 Nxc3 7. Bxc3 Nc6 8. Bc4 Qc7 9. Qe2 a6 10. a4 b6 11. Qe4 Bb7 12. Qg4 g5 13. Qh5 0-0-0 14. Nxg5 Bxg5 15. Qxg5 Rhg8 16. Qe3 Rxg2 17. 0-0-0 Kb8 18. Rdg1 Rdg8 19. f3 Ne7 20. Rxg2 Rxg2 21. Rg1 Nf5 22. Qe1 Bxf3 23. Rxg2 Bxg2 24. Bxa6 Qc6 25. Qg1 h5 26. Bb5 Qd5 27. Bxd7 h4 28. Be8 h3 29. Bxf7 Nh6 30. Bh5 Qe4 31. a5 Kb7 32. axb6 Kxb6 33. b4 Qc4 34. bxc5+ Kb7 35. Qd4 Qxd4 36. Bxd4 Kc6 37. Be8+ Kc7 38. Be3 Ng4 39. Bf4 Kd8 40. Bh5 Bf3 41. Bg6 Ke7 42. d4 1-0

[Event "Tenerife-chT Preferente 1920"]
[Site "Tenerife"]
[Date "2020.02.08"]
[Round "6.1"]
[White "Berjon Garcia, Sergio"]
[Black "Colichon Rebryck, Carlos Alexei"]
[Result "1/2-1/2"]
[WhiteElo "2066"]
[BlackElo "2003"]
[PlyCount "35"]
[EventDate "2019.11.30"]
[EventType "team-tourn"]
[EventRounds "14"]
[EventCountry "ESP"]
[SourceTitle "CBM 195 Extra"]
[Source "ChessBase"]
[SourceDate "2020.05.31"]
[SourceVersion "1"]
[SourceVersionDate "2020.05.31"]
[SourceQuality "1"]
[WhiteTeam "Laguna Cotelec"]
[BlackTeam "Puerto de la Cruz Piratas"]
[WhiteTeamCountry "ESP"]
[BlackTeamCountry "ESP"]

1. e4 c5 2. Nc3 a6 3. f4 Nc6 4. Nf3 d6 5. a4 Nf6 6. Bc4 e6 7. e5 dxe5 8. fxe5 Ng4 9. d3 Ngxe5 10. Nxe5 Nxe5 11. Bf4 Bd6 12. 0-0 0-0 13. Bb3 Ng6 14. Bxd6 Qxd6 15. Ne4 Qe7 16. Qh5 Qh4 17. Qxh4 Nxh4 18. Nxc5 1/2-1/2

[Event "Santa Cruz de Tenerife op 30th"]
[Site "Santa Cruz de Tenerife"]
[Date "2019.12.18"]
[Round "4"]
[White "Colichon Rebryck, Carlos Alexei"]
[Black "Medina Sanchez, Gines"]
[Result "0-1"]
[WhiteElo "2003"]
[BlackElo "1677"]
[PlyCount "62"]
[EventDate "2019.12.13"]
[EventType "swiss"]
[EventRounds "9"]
[EventCountry "ESP"]
[SourceTitle "CBM 194 Extra"]
[Source "ChessBase"]
[SourceDate "2020.03.31"]
[SourceVersion "1"]
[SourceVersionDate "2020.03.31"]
[SourceQuality "1"]

1. e4 c5 2. Nc3 d6 3. Nf3 Nf6 4. d4 cxd4 5. Nxd4 a6 6. h3 Qb6 7. g4 h6 8. Bg2 Nc6 9. Nb3 Be6 10. 0-0 g5 11. Be3 Qc7 12. Nd5 Bxd5 13. exd5 Ne5 14. Nd4 h5 15. Bxg5 hxg4 16. hxg4 Nfxg4 17. Re1 Bh6 18. Bxh6 Rxh6 19. c4 0-0-0 20. b4 Kb8 21. b5 a5 22. b6 Qc5 23. Rb1 Nxf2 24. Kxf2 Rf6+ 25. Kg1 Rg8 26. Rb3 Rfg6 27. Re2 Rg4 28. Rd2 Nxc4 29. Rc3 Qxd5 30. Rcc2 Nxd2 31. Rxd2 Rxg2+ 0-1

[Event "Santa Cruz de Tenerife op 30th"]
[Site "Santa Cruz de Tenerife"]
[Date "2019.12.16"]
[Round "2"]
[White "Gonzalez Curbelo, Paula"]
[Black "Colichon Rebryck, Carlos Alexei"]
[Result "1/2-1/2"]
[WhiteElo "1615"]
[BlackElo "2003"]
[PlyCount "41"]
[EventDate "2019.12.13"]
[EventType "swiss"]
[EventRounds "9"]
[EventCountry "ESP"]
[SourceTitle "CBM 194 Extra"]
[Source "ChessBase"]
[SourceDate "2020.03.31"]
[SourceVersion "1"]
[SourceVersionDate "2020.03.31"]
[SourceQuality "1"]

1. d4 Nf6 2. Nf3 e6 3. c4 b6 4. Bg5 Bb7 5. e3 h6 6. Bh4 Be7 7. Nc3 d6 8. h3 Nbd7 9. Be2 Ne4 10. Bxe7 Qxe7 11. Nxe4 Bxe4 12. Bd3 f5 13. Bxe4 fxe4 14. Nd2 Nf6 15. Qc2 d5 16. Rc1 c6 17. Qa4 0-0 18. Qxc6 Rfc8 19. Qa4 b5 20. Qxb5 Rab8 21. Qa6 1/2-1/2

[Event "Santa Cruz de Tenerife op 30th"]
[Site "Santa Cruz de Tenerife"]
[Date "2019.12.13"]
[Round "1"]
[White "Colichon Rebryck, Carlos Alexei"]
[Black "Febles Dominguez, Alfonso Jesus"]
[Result "1-0"]
[WhiteElo "2003"]
[BlackElo "1270"]
[PlyCount "67"]
[EventDate "2019.12.13"]
[EventType "swiss"]
[EventRounds "9"]
[EventCountry "ESP"]
[SourceTitle "CBM 194 Extra"]
[Source "ChessBase"]
[SourceDate "2020.03.31"]
[SourceVersion "1"]
[SourceVersionDate "2020.03.31"]
[SourceQuality "1"]

1. d4 Nf6 2. c4 e6 3. Nc3 c6 4. e4 Bb4 5. Bd3 d5 6. e5 Ne4 7. Nge2 h6 8. 0-0 Nxc3 9. bxc3 Be7 10. f4 Nd7 11. cxd5 cxd5 12. f5 exf5 13. Bxf5 Nf8 14. Bd3 Be6 15. Nf4 Qc7 16. Nxe6 fxe6 17. Bb5+ Nd7 18. Qh5+ Kd8 19. Bd2 a6 20. Bd3 Qa5 21. Rf7 Bf8 22. Rb1 Kc7 23. Qg4 Re8 24. Bg6 Qxa2 25. Rxd7+ Kxd7 26. Bxe8+ Kxe8 27. Qxe6+ Be7 28. Rxb7 Qa1+ 29. Kf2 Rf8+ 30. Kg3 Rf3+ 31. Kxf3 Qf1+ 32. Ke3 Qg1+ 33. Kd3 Qb1+ 34. Rxb1 1-0

[Event "Tenerife-chT Preferente 1920"]
[Site "Tenerife"]
[Date "2019.11.30"]
[Round "1.1"]
[White "Mendez Acosta, Alexander Jesus"]
[Black "Colichon Rebryck, Carlos Alexei"]
[Result "1/2-1/2"]
[WhiteElo "1993"]
[BlackElo "2003"]
[PlyCount "53"]
[EventDate "2019.11.30"]
[EventType "team-tourn"]
[EventRounds "14"]
[EventCountry "ESP"]
[SourceTitle "CBM 195 Extra"]
[Source "ChessBase"]
[SourceDate "2020.05.31"]
[SourceVersion "1"]
[SourceVersionDate "2020.05.31"]
[SourceQuality "1"]
[WhiteTeam "Al Shah Mat Los Realejos"]
[BlackTeam "Puerto de la Cruz Piratas"]
[WhiteTeamCountry "ESP"]
[BlackTeamCountry "ESP"]

1. c4 e5 2. Nc3 Nc6 3. g3 f5 4. Bg2 Nf6 5. e3 Bb4 6. Nge2 0-0 7. 0-0 Bxc3 8. Nxc3 d6 9. f4 e4 10. d3 Be6 11. b3 d5 12. cxd5 Nxd5 13. Nxd5 Bxd5 14. dxe4 Bxe4 15. Bxe4 fxe4 16. Bb2 Qxd1 17. Raxd1 Rfd8 18. Bc3 a5 19. a3 Kf7 20. Kf2 a4 21. bxa4 Rxa4 22. Bb2 Rc4 23. Rxd8 Nxd8 24. Rc1 Rxc1 25. Bxc1 Ke6 26. Bb2 g6 27. Ke2 1/2-1/2

[Event "San Cristobal de La Laguna op 2nd"]
[Site "San Cristobal de La Laguna"]
[Date "2019.09.08"]
[Round "9"]
[White "Colichon Rebryck, Carlos Alexei"]
[Black "Rodriguez Redondo, Ethan"]
[Result "1/2-1/2"]
[WhiteElo "2047"]
[BlackElo "1955"]
[PlyCount "60"]
[EventDate "2019.08.31"]
[EventType "swiss"]
[EventRounds "9"]
[EventCountry "ESP"]
[SourceTitle "EXT 2020"]
[Source "ChessBase"]
[SourceDate "2019.10.17"]
[SourceVersion "1"]
[SourceVersionDate "2019.10.17"]
[SourceQuality "1"]

1. d4 Nf6 2. c4 e6 3. Nc3 Bb4 4. a3 Bxc3+ 5. bxc3 0-0 6. f3 Ne8 7. e4 f5 8. Bd3 b6 9. Nh3 Qh4+ 10. Nf2 Bb7 11. Qc2 Nc6 12. exf5 exf5 13. Bxf5 Nd6 14. Be4 Rae8 15. 0-0 Ba6 16. Bxc6 dxc6 17. Bd2 Bxc4 18. Rfe1 Bd5 19. Ng4 Qh5 20. Rxe8 Rxe8 21. Bf4 Qf7 22. Bg3 Nc4 23. h3 h5 24. Ne5 Nxe5 25. Bxe5 b5 26. Qf2 Bb3 27. Qg3 Re7 28. Re1 a5 29. Re4 Bc2 30. Rf4 Qg6 1/2-1/2

[Event "Tenerife-chT Primera 1819"]
[Site "Tenerife"]
[Date "2019.04.27"]
[Round "14.2"]
[White "Padron Perez, Cayetano"]
[Black "Colichon Rebryck, Carlos Alexei"]
[Result "0-1"]
[WhiteElo "1469"]
[BlackElo "2019"]
[PlyCount "64"]
[EventDate "2018.11.24"]
[EventType "team-tourn"]
[EventRounds "14"]
[EventCountry "ESP"]
[SourceTitle "EXT 2021"]
[Source "ChessBase"]
[SourceDate "2020.10.23"]
[SourceVersion "1"]
[SourceVersionDate "2020.10.23"]
[SourceQuality "1"]
[WhiteTeam "Benito"]
[BlackTeam "Puerto de la Cruz Piratas"]
[WhiteTeamCountry "ESP"]
[BlackTeamCountry "ESP"]

1. d4 d5 2. c4 c6 3. cxd5 cxd5 4. Bg5 Qb6 5. Nc3 Nc6 6. e3 f6 7. Bh4 Bg4 8. Qd2 e6 9. a3 Nge7 10. f3 Bh5 11. Nh3 Nf5 12. Bf2 Bf7 13. Be2 Bd6 14. 0-0 h5 15. Bd3 g5 16. Nxd5 exd5 17. Bxf5 Ne7 18. Bd3 Qc7 19. Bg3 Bxg3 20. hxg3 Qxg3 21. Qf2 Qd6 22. Qe2 0-0-0 23. Qc2+ Kb8 24. Rf2 Be6 25. Kf1 Rc8 26. Qd2 Nf5 27. Bxf5 Bxf5 28. e4 dxe4 29. fxe4 Bxe4 30. Qe3 Rhe8 31. Qd2 Qh2 32. Ng1 Rc2 0-1

[Event "Tenerife-chT Primera 1819"]
[Site "Tenerife"]
[Date "2019.04.06"]
[Round "13.2"]
[White "Colichon Rebryck, Carlos Alexei"]
[Black "Jimenez Arteaga, Angel"]
[Result "1-0"]
[WhiteElo "2019"]
[BlackElo "1839"]
[PlyCount "63"]
[EventDate "2018.11.24"]
[EventType "team-tourn"]
[EventRounds "14"]
[EventCountry "ESP"]
[SourceTitle "CBM 189 Extra"]
[Source "ChessBase"]
[SourceDate "2019.05.31"]
[SourceVersion "1"]
[SourceVersionDate "2019.05.31"]
[SourceQuality "1"]
[WhiteTeam "Puerto de la Cruz Piratas"]
[BlackTeam "Ebano Barrio Nuevo"]
[WhiteTeamCountry "ESP"]
[BlackTeamCountry "ESP"]

1. e4 e6 2. d4 d5 3. Nd2 dxe4 4. Nxe4 Bd7 5. Nf3 Bc6 6. Neg5 Be7 7. Bc4 Bd5 8. Bd3 Nd7 9. c4 Bxf3 10. Nxf3 Ngf6 11. Qe2 0-0 12. Bd2 c5 13. Bc3 cxd4 14. Nxd4 Re8 15. 0-0 Rc8 16. Rac1 Qc7 17. Nb5 Qb8 18. Bc2 a6 19. Nd4 Qc7 20. Qf3 Ne5 21. Qh3 Ng6 22. Rfe1 Bf8 23. Re3 e5 24. Nf3 Bd6 25. Ng5 h6 26. Ne4 Nxe4 27. Bxe4 Nf4 28. Qg4 h5 29. Qg5 f6 30. Qf5 Kf7 31. Bd5+ Ke7 32. Qxf4 1-0

[Event "Tenerife-chT Primera 1819"]
[Site "Tenerife"]
[Date "2019.02.23"]
[Round "9.2"]
[White "Sanchez Martin, Jacobo"]
[Black "Colichon Rebryck, Carlos Alexei"]
[Result "0-1"]
[WhiteElo "1745"]
[BlackElo "2019"]
[PlyCount "102"]
[EventDate "2018.11.24"]
[EventType "team-tourn"]
[EventRounds "14"]
[EventCountry "ESP"]
[SourceTitle "CBM 189 Extra"]
[Source "ChessBase"]
[SourceDate "2019.05.31"]
[SourceVersion "1"]
[SourceVersionDate "2019.05.31"]
[SourceQuality "1"]
[WhiteTeam "Universidad"]
[BlackTeam "Puerto de la Cruz Piratas"]
[WhiteTeamCountry "ESP"]
[BlackTeamCountry "ESP"]

1. e4 c5 2. d3 Nc6 3. g3 g6 4. Bg2 Bg7 5. Nf3 Nf6 6. 0-0 d5 7. exd5 Nxd5 8. c3 0-0 9. Re1 Bg4 10. h3 Bf5 11. Nh4 Be6 12. Na3 Qd7 13. Kh2 Rfd8 14. Qe2 Nb6 15. Rd1 Nc4 16. Nxc4 Bxc4 17. Bxc6 bxc6 18. Qe3 Qd6 19. Re1 Qxd3 20. Qxc5 Bd5 21. Be3 Bf6 22. Ng2 e5 23. f4 Qc2 24. Bf2 Bxg2 25. Kxg2 exf4 26. Qxc6 Bd4 27. Rf1 fxg3 28. Kxg3 Rac8 29. Qb7 Rb8 30. Qc7 Rbc8 31. Qf4 Bg7 32. Bxa7 Rd7 33. Rf2 Qd3+ 34. Rf3 Qb5 35. Bd4 Bxd4 36. cxd4 Qxb2 37. Raf1 Qxa2 38. Qg4 Rcd8 39. Rf4 Qc4 40. Rd1 Qc7 41. Kg2 h5 42. Qf3 Qc2+ 43. Kg3 Rc8 44. Rd3 Rcd8 45. Kh4 Qc7 46. Qf2 Rd5 47. Rf6 Kg7 48. Rff3 g5+ 49. Kxh5 Rh8+ 50. Kg4 Rh4+ 51. Qxh4 gxh4 0-1